Statistics for Capital Cities: Equidistant from Tokyo and New Delhi

Click here to take the quiz!

General Stats

  • This quiz has been taken 38 times
  • The average score is 12 of 20

Answer Stats

Rank Distance from New Delhi Distance from Tokyo Difference Capital City % Correct
16 4,996 5,771 775 Jakarta
85%
13 3,004 3,669 665 Hanoi
85%
2 3,327 3,014 313 Ulaanbaatar
79%
20 11,360 10,346 1,014 Ottawa
74%
19 3,442 4,401 959 Phnom Penh
74%
3 16,926 17,242 316 Santiago
68%
1 14,217 14,186 31 Caracas
65%
17 16,080 16,953 873 Sucre
62%
18 15,223 14,330 893 Bogota
62%
6 13,717 13,244 473 Santo Domingo
59%
7 4,764 4,246 518 Bandar Seri Begawan
56%
15 13,470 14,237 767 Bridgetown
53%
14 13,850 13,124 726 Port-au-Prince
50%
9 13,714 14,262 548 Saint George's
50%
4 13,353 13,685 332 Basseterre
50%
5 13,307 13,737 430 Saint John's
50%
8 13,424 13,942 518 Roseau
50%
11 13,502 14,092 590 Castries
50%
10 13,586 14,170 584 Kingstown
47%
12 13,807 14,414 607 Port-of-Spain
47%

Score Distribution

Percentile by Number Answered

Percent of People with Each Score

Your Score History

You have not taken this quiz